000 00289nam a22001337a 4500
008 170612b xxu||||| |||| 00| 0 eng d
020 _a0844732400
041 _aeng
080 _a32
100 _a19
101 _aSHP
245 _aSCANDINAVIA AT THE POLLS
_cCERNY,K.H
942 _2udc
_cBK
999 _c16980
_d16980